Central Library OPAC University of Rajshahi
Normal view MARC view

Entry Topical Term

Number of records used in: 2

001 - CONTROL NUMBER

  • control field: 8483

003 - CONTROL NUMBER IDENTIFIER

  • control field: BD-RjUL

005 - DATE AND TIME OF LATEST TRANSACTION

  • control field: 20230823104315.0

008 - FIXED-LENGTH DATA ELEMENTS

  • fixed length control field: 230823|| aca||aabn | a|a d

040 ## - CATALOGING SOURCE

  • Original cataloging agency: BD-RjUL
  • Transcribing agency: BD-RjUL

150 ## - HEADING--TOPICAL TERM

  • Topical term or geographic name entry element: ইসলাম
  • General subdivision: ধর্মীয় ও সামাজিক
  • Form subdivision: ১৮৮২-১৯৭১খ্রিস্টাব্দ
  • Geographic subdivision: খুলনা

670 ## - SOURCE DATA FOUND

  • Source citation: Work cat.: (BD-RjUL)81745: তারিক, মোহাম্মদ আবু 8481, ধর্মীয় ও সামাজিক কর্মকান্ডের উন্নয়নে খানকা ও মাজারের ভূমিকা :, ২০১০